Word Ladder: Incomplete State Nicknames Quiz Stats

 Plays Quiz Updated May 3, 2019

Score 0/19 Timer 03:00
3 Plays Today
Clue 4-Letter Word % Correct
Break into a computer systemHACK
98.5%
Place to deposit money (or blood)BANK
97.9%
Center of the earthCORE
97%
Shape of ItalyBOOT
96.7%
Tiered bedBUNK
96.1%
Part of Ohio's nickname
(The _____eye State)
• BUCK •
96%
Walking stickCANE
96%
Part of Nebraska's nickname
(The _____husker State)
• CORN •
95.6%
Starter of 'to Run' or 'in the USA' for SpringsteenBORN
94.7%
Twain's title rafting heroHUCK
94.4%
Clue 4-Letter Word % Correct
Part of Kentucky's nickname
(The _____grass State)
• BLUE •
94.1%
Close attention or concernCARE
94.1%
Paste; gelatinous adhesiveGLUE
93.6%
Batman's back breaker?BANE
92.9%
Blessing or benefitBOON
89.9%
Boxing matchBOUT
88.3%
Excess; too much of somethingGLUT
87.2%
Joint inflammationGOUT
87%
Part of Iowa's nickname
(The _____eye State)
• HAWK •
82.4%

Today's Daily Dose

Missing Word
Video Games (A-Z)

Get the Picture
Tom Hanks

You're not logged in!

Compare scores with friends on all Sporcle quizzes.
OR
Log In

Sporcle TV

Today on Sporcle TV


Watch our educational content, quiz creation guides, and fun videos on Sporcle TV.

Show Comments

Extras

Top Quizzes Today


Score Distribution

Your Account Isn't Verified!

In order to create a playlist on Sporcle, you need to verify the email address you used during registration. Go to your Sporcle Settings to finish the process.

Report this User

Report this user for behavior that violates our Community Guidelines.

Details: